LEADER 01834nam0 22003493i 450 001 UMC0080422 005 20231121125911.0 100 $a20001113d1957 ||||0itac50 ba 101 | $aita$amul 102 $ait 181 1$6z01$ai $bxxxe 182 1$6z01$an 200 1 $aAtti del Convegno di studi delle fonti del Medioevo europeo$ein occasione del 70. della fondazione dell'Istituto storico italiano$eRoma, 14-18 aprile 1953 :comunicazioni$fIstituto storico italiano per il Medio Evo 210 $aRoma$cnella sede dell'Istituto$d1957 215 $aXXII, 112 p., [16] c. di tav. [8 ripieg.]$d26 cm 606 $aEuropa$xMedioevo$xCongressi 1953$2FIR$3RMLC155053$9I 676 $a940.1$9Storia generale d'Europa. Fino al 1453$v21 710 12$aConvegno di studi delle fonti del medioevo europeo$f <1953$e ; Roma>$3UFIV159872$0211495 712 02$aIstituto storico italiano per il Medio Evo$3CFIV017158$4070 791 02$aIstituto storico italiano per il Medioevo$3CFIV226030$zIstituto storico italiano per il Medio Evo 791 02$aIstituto storico italiano$3CFIV323580$zIstituto storico italiano per il Medio Evo 791 02$aR. Istituto storico italiano per il Medio Evo$3UMCV001864$zIstituto storico italiano per il Medio Evo 801 3$aIT$bIT-01$c20001113 850 $aIT-RM0281 $aIT-RM0459 $aIT-FR0017 899 $aBIBLIOTECA VALLICELLIANA$bRM0281 899 $aARCHIVIO DI STATO DI ROMA$bRM0459 899 $aBiblioteca umanistica Giorgio Aprea$bFR0017 912 $aUMC0080422 950 0$aBiblioteca umanistica Giorgio Aprea$d 52MAG 8/792$e 52MAG0000160385 VMN RS $fA $h20130322$i20130322 977 $a 08$a 12$a 52 996 $aAtti del Convegno di studi delle fonti del Medioevo europeo$93642268 997 $aUNICAS